000 00696pam a2200229 a 4500
003 OSt
005 20140310181622.0
008 910711s1992 nyu b 001 0 eng
020 _a0385242697
050 0 0 _aE 185.625
_b.Ed29 1992
082 0 0 _aHS 155.8
_b Ed9 1992
100 1 _aEdwards, Audrey.
_99905
245 1 0 _aChildren of the dream :
_bthe psychology of black success /
_cAudrey Edwards and Craig K. Polite.
250 _a1st ed.
260 _aNew York :
_bDoubleday,
_cc1992.
300 _axiii, 287 p. ;
_c25 cm.
650 0 _aAfrican Americans
_xPsychology.
_99906
650 0 _aSuccess
_zUnited States.
_99907
700 1 _aPolite, Craig K.
_99908
942 _2lcc
_cHS
999 _c161
_d161